| 000 | 00590cam a22001932 4500 | ||
|---|---|---|---|
| 001 | 0000023936 | ||
| 005 | 20151217152252.0 | ||
| 008 | 130419s xx 000 0 eng d | ||
| 040 |
_aKABU _cKABU |
||
| 100 | 1 |
_aEllis, Harold. _@0000180472 |
|
| 245 | 1 | 0 |
_aClinical anatomy : _ba revision and applied anatomy for clinical students / _cHarold Ellis. |
| 250 | _a3rd ed. | ||
| 260 |
_aOxford : _bBlackwell, _c1966. |
||
| 300 | _axvi, 381 p. | ||
| 650 | 0 |
_aHuman anatomy. _@0000155598 |
|
| 852 | 1 | _9p500 KES | |
| 908 | _a130419 | ||
| 950 | _@1 | ||
| 999 |
_c10067 _d10067 |
||